000 01596nam a2200253 a 4500
001 79962
003 BD-RjUL
005 20230117101613.0
008 220613s2000 bg ||||| m||| 00| 0 ben d
035 _a(BD-RjUL)79962
040 _aBD-RjUL
_bben/eng
_cBD-RjUL
_dBD-RjUL
041 _aben
082 _223
_a973.917
_bKHM 2000
100 _aখাতুন, মোসা: ফেরদৌসি
_93574
245 1 0 _aমার্কিন যুক্তরাষ্ট্রের পূর্ব এশীয় নীতি :
_bপরিপ্রেক্ষিত জাপানের প্রভাব বিস্তার (১৯৩১-৪১) /
_cমোসা: ফেরদৌসি খাতুন
_6সুপারভাইজার : এ.এফ.এম.শামসুর রহমান
260 _aরাজশাহী :
_bইতিহাস বিভাগ,রাজশাহী বিশ্ববিদ্যালয়
_c২০০০
300 _a[৫],২৮৬ পাতা ;
_c২৯ সেমি.
502 _aথিসিস (পি-এইচ.ডি.) -- ইতিহাস বিভাগ,রাজশাহী বিশ্ববিদ্যালয়,২০০০
504 _aগ্রন্থপঞ্জি: পাতা ২৭১-২৮৬
650 _aমার্কিন যুক্তরাষ্ট্র
_x প্রশাসন
_y(১৯৩১-৪১)
_93575
650 _aUnited States
_xAdministration
_y(1931-41)
_93576
700 _aরহমান, এ.এফ.এম.শামসুর, সুপারভাইজার
_93577
942 _2ddc
_cTHE
999 _c79962
_d79962